Những đặc trưng và nội dung cơ bản của mô hình xã hội Anglo - Saxon /
Enregistré dans:
| Auteur principal: | |
|---|---|
| Format: | Article |
| Langue: | Vietnamese |
| Sujets: | |
| Tags: |
Ajouter un tag
Pas de tags, Soyez le premier à ajouter un tag!
|
| Thư viện lưu trữ: | Thư viện Trường Đại học Đà Lạt |
|---|
| LEADER | 00806nam a2200265 4500 | ||
|---|---|---|---|
| 001 | DLU110128537 | ||
| 005 | ##20111125 | ||
| 040 | # | # | |a DLU |b vie |
| 041 | # | # | |a vie |
| 044 | # | # | |a vn |
| 100 | # | # | |a Đinh Công Tuấn, |c PGS.TS. |
| 245 | # | # | |a Những đặc trưng và nội dung cơ bản của mô hình xã hội Anglo - Saxon / |c Đinh Công Tuấn. |
| 653 | # | # | |a An sinh xã hội |
| 653 | # | # | |a Người về hưu |
| 653 | # | # | |a Phúc lợi xã hội |
| 773 | # | # | |t Nghiên cứu Châu Âu |g Số 6(117), 2010, tr. 3-15 |
| 920 | # | # | |a Phòng Tạp chí -- Trung tâm Thông tin - Thư viện Trường Đại học Đà Lạt |
| 994 | # | # | |a DLU |
| 900 | # | # | |a True |
| 911 | # | # | |a Nguyễn Thị Linh Chi |
| 925 | # | # | |a G |
| 926 | # | # | |a A |
| 927 | # | # | |a BB |
| 980 | # | # | |a Thư viện Trường Đại học Đà Lạt |